Česko-švédská konverzace

Guardado en:
Detalles Bibliográficos
Formato: Libro
Lenguaje:checo
sueco
Publicado: Praha Státní pedagogické nakladatelství 1971
Etiquetas: Agregar Etiqueta
Sin Etiquetas, Sea el primero en etiquetar este registro!

MARC

LEADER 00000nam a2200000 4500
001 c122044
005 20250711074833.7
041 0 |a cze 
041 0 |a swe 
044 |a CZ 
245 1 0 |a Česko-švédská konverzace  |c Jiří Groll 
264 1 |a Praha  |b Státní pedagogické nakladatelství  |c 1971 
300 |a 238 s.